000 00391nam a22001577a 4500
003 OSt
005 20211122091731.0
008 211122b |||||||| |||| 00| 0 eng d
020 _a100415168333
040 _aHU
_cDDC
082 _a363.34929
245 _aDROUGHT A GLOBAL ASSESSMENT VOLUME II
260 _aLONDON
_bROUTLEDGE
_c2000
300 _axii 304P 25cm
_bill
942 _2ddc
_cBOOKS
_n0
999 _c19355
_d19355